Представление документа в формате MARC21

Поле Инд. ПП Название Значение
Тип записи a
Библиографический уровень m
001 Контрольный номер 829c2725615648ac934346a416d53584
005 Дата корректировки 20260703124546.8
040 a Служба первич. каталог. 10013504
b Код языка каталог. rus
e Правила каталог. PSBO
041 0_ a Код языка текста rus
090 a Полочн. индекс 355
x Авторский знак А 721
r Идентификатор организации 10013504
100 1_ a Автор Антипенко Н.А.
245 10 a Заглавие На главном направлении
c Ответственность предисл. Г.К. Жукова
250 a Основные сведения об издании 2-е изд., испр. и доп.
260 a Место издания Москва
b Издательство Наука
c Дата издания 1971
300 a Объем 389, [2] с., [2] л. карт.
b Иллюстрации/ тип воспроизводства ил.
440 _0 a Серия Вторая мировая война в исследованиях, воспоминаниях, документах
500 a Примечание Указ. имен: с. 385-390
653 0_ a Ключевые слова ВЕЛИКАЯ ОТЕЧЕСТВЕННАЯ ВОЙНА (1941-1945); ТЫЛ В ВЕЛИКОЙ ОТЕЧЕСТВЕННОЙ ВОЙНЕ; ВОСПОМИНАНИЯ О ВЕЛИКОЙ ОТЕЧЕСТВЕННОЙ ВОЙНЕ
700 12 a Другие авторы Жуков Г.К.
e Роль лиц Автор предисловия и т.д.
901 t Тип документа m
952 a Тип литературы для КСУ ВШ КНпР